000 00301nam a22001217a 4500
008 160422b xxu||||| |||| 00| 0 eng d
020 _a9780323016315
020 _a0323016316
041 _aeng
080 _a618.2
245 _aContemporary nursing:
_cBarbara Cherry ; Susan R. Jacob;
942 _2udc
_cBK
999 _c1508
_d1508